00435nam a22001457a 4500020002200000082001200022100001400034245004300048260002800091300000800119650002500127942000700152952011300159999001700272 a978-0-19-062514-6 a306 JUL aJulian GO aPostcolonial Thought and Social Theory aNew DelhibOxfordc2016 a248 aPost Colonial Theory cBK 00104070aHMIbHMIcGENd0000-00-00g1395.00l2m1o306 JULp25241r2018-10-11s2018-09-06w2026-01-16yBK c20395d20395